Isokrates (Record no. 156112)

MARC details
000 -LEADER
campo de control de longitud fija 00893nam a2200229 i 4500
001 - NÚMERO DE CONTROL
campo de control 156112
003 - IDENTIFICADOR DE NÚMERO DE CONTROL
campo de control ES-MaACL
005 - FECHA Y HORA DE LA ÚLTIMA TRANSACCIÓN
campo de control 20230906210326.0
008 - DATOS DE LONGITUD FIJA--INFORMACIÓN GENERAL
campo de control de longitud fija 981218s1846 fr |||| | lat d
040 ## - FUENTE DE CATALOGACIÓN
Centro catalogador/agencia de origen CCPB | B
Lengua de catalogación spa
Centro/agencia transcriptor CCPB | B
100 0# - ENTRADA PRINCIPAL--NOMBRE DE PERSONA
Nombre de persona Isócrates.
9 (RLIN) 65584
245 10 - MENCIÓN DEL TÍTULO
Título Isokrates
Resto del título = Isocratis orationes et epistolae : graece et latine /
Mención de responsabilidad, etc. Isocrate ; recognovit J. G. Baiter ...
260 ## - PUBLICACIÓN, DISTRIBUCIÓN, ETC.
Lugar de publicación, distribución, etc. Parisiis :
Nombre del editor, distribuidor, etc. Ambrosio Firmin Didot, instituti regii Franciae typographo,
Fecha de publicación, distribución, etc. 1846.
300 ## - DESCRIPCIÓN FÍSICA
Extensión II, 299 p. ;
Dimensiones 26 cm.
490 1# - MENCIÓN DE SERIE
Mención de serie Scriptorum graecorum bibliotheca
594 ## - Nota al título y mención de responsabilidad
Nota al título y mención de responsabilidad Texto paralelo en griego y latín.
597 ## - NOTA DE DESCRIPCIÓN FÍSICA
NOTA DE DESCRIPCIÓN FÍSICA Texto a dos col.
700 1# - ENTRADA AGREGADA--NOMBRE PERSONAL
Nombre de persona Baiter, J. G.
9 (RLIN) 125785
830 0# - PUNTO DE ACCESO ADICIONAL DE SERIE-TÍTULO UNIFORME
Título uniforme Scriptorum graecorum bibliotheca
9 (RLIN) 182435
852 ## - LOCALIZACIÓN
Ubicación ES-MaACL
Número de control de estantería B-2476(1)
Nota libre -- Enc. hol.
Encuadernación -- Edic.: quitar de la menc. de resp. Isócrate, ya aparece en el tít.
Holdings
Estatus retirado Estado de pérdida Estado de daño No para préstamo Colección Biblioteca de origen Biblioteca actual Ubicación en estantería Fecha de adquisición Fuente de adquisición Total de préstamos Signatura topográfica completa Código de barras Visto por última vez Precio de reemplazo Tipo de ítem Koha
        Libros del s. XIX Biblioteca del Ateneo de Madrid Biblioteca del Ateneo de Madrid Sala Pardo Bazán 17/01/2008     B-2476(1) 1163321 23/02/2023 23/02/2023 Libro impreso antiguo